00289 a2200133 450000100060000002000180000604000240002410000190004824000170006724500120008430000070009636200090010365000430011247785 a9780230443679 cAnchieta - Aquarius aPascoe, Joanna10aMonkeyslpor10aMonkeys a230 a2013 4aLiteratura infanto-juvenil em inglês